The Legend of Zelda: Tears of the Kingdom Monsters Quiz - Statistics

General Stats
  • This quiz has been taken 380 times
  • The average score is 60 of 110
Answer Stats
Answer % Correct
Black Bokoblin
97%
Blue Bokoblin
97%
Silver Bokoblin
97%
Stalkoblin
97%
Bokoblin
96%
Moblin
93%
Black Moblin
92%
Blue Moblin
92%
Silver Moblin
92%
Stalmoblin
92%
Black Lizalfos
77%
Blue Lizalfos
77%
Electric Lizalfos
77%
Fire-Breath Lizalfos
77%
Ice-Breath Lizalfos
77%
Lizalfos
77%
Phantom Ganon
77%
Silver Lizalfos
77%
Stalizalfos
77%
Electric Keese
76%
Fire Keese
76%
Ice Keese
76%
Keese
76%
Lynel
76%
Blue-Maned Lynel
74%
Silver Lynel
74%
White-Maned Lynel
74%
Black Hinox
71%
Blue Hinox
71%
Hinox
71%
Chuchu
70%
Electric Chuchu
70%
Fire Chuchu
70%
Ice Chuchu
70%
Stone Talus
69%
Battle Talus
68%
Frost Talus
68%
Igneo Talus
68%
Stone Talus (Luminous)
68%
Stone Talus (Rare)
68%
Moth Gibdo
59%
Blue-White Frox
56%
Flame Gleeok
56%
Forest Octorok
56%
Frost Gleeok
56%
Frox
56%
Gibdo
56%
King Gleeok
56%
Obsidian Frox
56%
Rocktorok
56%
Snow Octorok
56%
Thunder Gleeok
56%
Treasure Octorok
56%
Water Octorok
56%
Demon King Ganondorf
50%
Demon King Ganondorf (2nd Form)
50%
Fire Like
50%
Ice Like
50%
Molduga
50%
Rock Like
50%
Shock Like
50%
Like Like
49%
Colgera
45%
Horriblin
43%
Queen Gibdo
43%
Stalnox
42%
Yiga Blademaster
42%
Yiga Footsoldier
42%
Black Horriblin
40%
Blue Horriblin
40%
Flux Construct I
40%
Flux Construct II
40%
Flux Construct III
40%
Silver Horriblin
40%
Soldier Construct I
40%
Soldier Construct II
40%
Soldier Construct III
40%
Soldier Construct IV
40%
Black Boss Bokoblin
39%
Blue Boss Bokoblin
39%
Silver Boss Bokoblin
39%
Boss Bokoblin
38%
Captain Construct I
37%
Captain Construct II
37%
Captain Construct III
37%
Captain Construct IV
37%
Mucktorok
37%
Blizzrobe
36%
Electric Wizzrobe
36%
Fire Wizzrobe
36%
Ice Wizzrobe
36%
Meteor Wizzrobe
36%
Thunder Wizzrobe
36%
Farosh
35%
Naydra
35%
Marbled Gohma
34%
Dinraal
33%
Demon Dragon
31%
Light Dragon
31%
Frost Pebblit
28%
Igneo Pebblit
28%
Stone Pebblit
28%
Aerocuda
27%
Master Kohga
26%
Sludge Like
20%
Evermean
17%
Seized Construct
17%
Moragia
16%
Little Frox
14%
Training Construct
9%
No matching quizzes found
Score Distribution
Percent of People with Each Score
Percentile by Number Answered
Your Score History
You have not taken this quiz